| 000 | 00396cam a22001097a 4500 | ||
|---|---|---|---|
| 008 | 180718b1981 xxu||||| |||| 00| 0 eng d | ||
| 082 | _aR22x5452 T152/16 | ||
| 245 |
_aReport on the 16th Ouinquennial wage census in Tamil Nadu conducted during 1981 _cby Department of Statistics |
||
| 260 |
_aMadras _bGovernment of Tamil Nadu _c1981 |
||
| 300 | _a157p | ||
| 700 | _aTamil Nadu. Department of Statistics | ||
| 999 |
_c496039 _d496039 |
||